00471nam a2200205Ia 450000500170000000800460001702000180006303700100008104000080009104000080009904000080010704100080011504100080012308400080013110000180013924500230015726000230018026000090020385600530021220260121153837.0008 260114s9999 xx 000 0 eng d a9781315252452 aEBOOK aCRL beng cCRL 2eng aeng qCRL aDuncan McLeod 0aIndia and Pakistan bTaylor and Francis c2008 uhttp://www.taylorfrancis.com/books/9781315252452